Geography Quiz

Random Geography or City Quiz
Score 0/39 Timer 12:00
8 Plays Today
City, Country % Correct
Madrid, Spain
94.2%
London, UK
93.3%
Paris, France
92.4%
Rome, Italy
92.2%
Moscow, Russia
88.1%
Berlin, Germany
84.2%
Stockholm, Sweden
83.3%
Helsinki, Finland
79.1%
Kyiv, Ukraine
77.1%
St. Petersburg, Russia
75%
Vienna, Austria
70.1%
Barcelona, Spain
65.7%
Warsaw, Poland
65.5%
Bucharest, Romania
65%
Glasgow, UK
64%
Istanbul, Turkey
63.5%
Milan, Italy
60.5%
Minsk, Belarus
57%
Budapest, Hungary
53.9%
Hamburg, Germany
46.4%
City, Country % Correct
Bergen, Norway
38.8%
Seville, Spain
37.7%
Bilbao, Spain
32.3%
Trondheim, Norway
25.7%
Murmansk, Russia
23%
Heraklion, Greece
22.4%
Volgograd, Russia
21.3%
Tromsø, Norway
20.2%
Rostov-on-Don, Russia
15.5%
Arkhangelsk, Russia
14.5%
Nizhny Novgorod, Russia
13.4%
Siracusa, Italy
13%
Oulu, Finland
11.3%
Astrakhan, Russia
5.6%
Kiruna, Sweden
4.4%
Molde, Norway
4.4%
Elgin, UK
4.2%
Kirov, Russia
1.9%
Severodvinsk, Russia
1.2%
Remove Ads.
Support Sporcle.
Get the best of Sporcle when you Go Orange. This ad-free experience offers more features, more stats, and more fun while also helping to support Sporcle. Thank you for becoming a member.

You're not logged in!

Compare scores with friends on all Sporcle quizzes.
OR
Log In

Show Comments

Extras

Top Quizzes Today


Score Distribution

Your Account Isn't Verified!

In order to create a playlist on Sporcle, you need to verify the email address you used during registration. Go to your Sporcle Settings to finish the process.

Report this User

Report this user for behavior that violates our Community Guidelines.

Details: